00000000nam 2200000zi 4500
0019.946716
003CaOODSP
00520250128110634
006m     o  d f      
007cr mn|||||||||
008250110t20252025quc     o    f000 0 eng d
020 |a9780660751825
040 |aCaOODSP|beng|erda|cCaOODSP
043 |an-cn---
0861 |aEn4-760/2025E-PDF
24500|aAudit of cyber security at Environment and Climate Change Canada (ECCC) : |bfinal report.
264 1|aGatineau, Quebec : |bEnvironment and Climate Change Canada = Environnement et changement climatique Canada, |c2025.
264 4|c©2025
300 |a1 online resource (iii, 5 pages)
336 |atext|btxt|2rdacontent
337 |acomputer|bc|2rdamedia
338 |aonline resource|bcr|2rdacarrier
500 |aCover title.
500 |aIssued also in French under title: Audit de la cybersécurité à Environnement et Changement climatique Canada (ECCC) : rapport final.
61010|aCanada. |bEnvironment and Climate Change Canada|xAuditing.
650 0|aComputer security|zCanada|xAuditing.
7101 |aCanada. |bEnvironment and Climate Change Canada. |bAudit and Evaluation Branch, |eissuing body.
77508|tAudit de la cybersécurité à Environnement et Changement climatique Canada (ECCC) : |w(CaOODSP)9.946717
85640|qPDF|s707 KB|uhttps://publications.gc.ca/collections/collection_2025/eccc/en4/En4-760-2025-eng.pdf